00714nam a2200205 4500003000900000020001800009040002800027082001800055100002700073245004200100260003200142300005700174650002000231650002400251650003200275650004200307942001200349999001700361952013000378CO-ViMGA a9788483430163 aCO-ViMGAbspacCO-ViMGA04aI863.6 bL15v1 aLalana Fernando91254210aEl viaje del doble-pcFernando lalana abambubFuenlabrada (madrid) a174 p:b ilustraciones interiores y de la cubierta ;14a civismo91254614a convivencia91192814a Diversidad cultural91254414acomunicación lingüística912543 2ddccBK c10434d10434 00102ddc40708001aMEVIGAPORbMEVIGAPORd2019-09-01g15000.00l0oI863.6 L15vp331311r2019-06-06 00:00:00w2018-05-10yBK